000 00737nam a2200217 i 4500
001 81868
003 ES-MaACL
005 20230906174528.0
007 t|
008 041108s1968 sp |||| | spa d
080 _a014.3:05(464.1)Correo de Madrid
100 1 _aIglesias Martínez, Nieves.
_965125
245 1 0 _aCorreo de Madrid o de los Ciegos, Madrid, 1786-1791 /
_cpor Nieves Iglesias y Ana María Mañá.
260 _aMadrid :
_bHemeroteca Municipal de Madrid,
_c1968.
300 _aXIX, 66 p. ;
_c25 cm.
630 0 4 _aCorreo de Madrid o de los Ciegos.
_9169786
650 4 _aPrensa-
_zMadrid.
_9149204
700 1 _aMañá, Ana María.
_976243
710 2 _aHemeroteca Municipal de Madrid.
_94560
852 _aES-MaACL
_jE-7472
999 _c81868
_d81868